Responses for show #7199 - Thursday, December 24, 2015

Alex uses a cane during the closing credits chat.

Contestants

[<< previous game]

Christina Pulawski, a fund raising professional and consultant from Chicago, Illinois

Markus Kolic, a database developer and stay-at-home dad from Dighton, Massachusetts

Chandreyi Ghosh, a housewife from Atlanta, Georgia (whose 1-day cash winnings total $34,401)

[next game >>]

Jeopardy! Round responses

FOUND IN GERMANY
(Alex: Each correct response will be a word that can be made up of the letters that you will find in "Germany".)
BANKING
GOING STRAIGHT
WINE, WOMEN & SONG
COMPLETES THE NONFICTION TITLE
(Alex: And finally, because it's Christmas Eve...)
"SANTA" GOES AROUND THE WORLD
    $200 1
a year

Markus
    $200 11
the Federal Reserve

Markus
    $200 4
Bill Murray

Chandreyi
    $200 13
Elizabeth Warren

Markus
    $200 21
Elements

Christina
    $200 22
Santa Fe

Chandreyi
    $400 2
yarn

Chandreyi
    $400 12
an ATM

Christina
    $400 5
The Honeymooners

Markus
    $400 17
dregs

Chandreyi
    $400 27
Cheese

Christina
    $400 23
Santa Maria

Christina
    $600 3
rage

Christina
    $600 14
(Alex: And I would like to point out that that check would bounce if you tried cashing it, so please don't do it. I know my signature is on it, but don't try to cash it.)

the routing number

Markus
    $600 8
Jim Carrey

Markus
    $600 18
"I Shot The Sheriff"

Chandreyi
    $600 28
Choices

Markus
    $600 24
(Alex: Less than a minute to go.)

Santa Ana

Christina
    $1,000 6
Amen

Markus
    $800 15
a cashier's check

Markus
    $800 9
The Shield

Markus
    $800 19
Willamette

Markus
    $800 25
Santa Barbara

Chandreyi
    $1000 7
mangy

Markus
    $1000 16
Bank of America

Chandreyi
    $1000 10
Whoopi Goldberg

Chandreyi
    $1000 20
Edith Piaf

Markus
    $1000 29
[The end-of-round signal sounds.]

Memory

Triple Stumper
    $1000 26
Santa Lucia

Triple Stumper

Scores at the first commercial break (after clue 15):

Chandreyi Markus Christina
$1,600 $5,800 $1,000

Scores at the end of the Jeopardy! Round:

Chandreyi Markus Christina
$4,600 $8,200 $2,600

Double Jeopardy! Round responses

DUDE, WHERE'S MY STAR?
COLORFUL HISTORY
CAN I GET A WITNESS?
BIG IDEAS
AT THE "END"
(Alex: Each correct response will end with those three letters.)
VAN THE MAN
    $400 23
Cancer

Chandreyi
    $400 1
Protestants

Markus
    $400 6
(Markus: What is a material witness?)

star witness (or key witness)

Markus
Triple Stumper
    $400 8
soul

Markus
    $800 24
Hercules

Markus
    $800 5
the Black Hole

Chandreyi
    $800 7
deposition

Christina
    $800 22
(Alex: That's it, with a minute to go.)

reverend

Christina
    $800 12
Brown Eyed Girl

Chandreyi
    $1200 25
(Christina: What is Alpha Centauri?)

Polaris

Christina
Triple Stumper
    $1200 2
indigo

Chandreyi
    $1200 9
rehabilitation

Triple Stumper
    $1200 16
artificial intelligence

Chandreyi
    $1200 19
(Chandreyi: What is an endnote?)

legend

Chandreyi
Triple Stumper
    $1200 13
Farrah Fawcett

Chandreyi
    $2,500 26
[The end-of-round signal sounds.]

Scorpio

Markus
    $1600 3
(Markus: What is the Gestapo?)

the Brownshirts

ChandreyiMarkus
    $1600 10
(Chandreyi: What is the FBI?)
(Markus: What is the Federal Witness Protection Program?)
(Christina: What is the Secret Service?)

the U.S. Marshals

ChandreyiMarkusChristina
Triple Stumper
    $1600 17
relativism

Markus
    $3,000 20
stipend

Markus
    $1600 14
Them

Triple Stumper
    $2000 4
(Chandreyi: What is Black September?)

the Red Brigade

Chandreyi
Triple Stumper
    $2000 11
Alger Hiss

Markus
    $2000 18
multiverse

Triple Stumper
    $2000 21
(Markus: What is ascend?)

transcend

Markus
Triple Stumper
    $2000 15
Moondance

Markus

Scores at the end of the Double Jeopardy! Round:

Chandreyi Markus Christina
$7,000 $15,300 $1,400
(lock game)

[wagering suggestions for these scores]

Final Jeopardy! Round responses

AMERICAN BUSINESSMEN
(Alex: He's got the tuque in there.)
ChristinaWho is Armand Hammer?
$1,399
ChandreyiWho is Hammer
$0
MarkusWho was Santa Claus (Merry Christmas!)
$0
Armand Hammer

Final scores:

Chandreyi Markus Christina
$7,000 $15,300 $2,799
2nd place: $2,000 New champion: $15,300 3rd place: $1,000

Game dynamics:

Coryat scores:

Chandreyi Markus Christina
$7,000 $12,800 $1,400
15 R,
3 W
21 R
(including 3 DDs),
4 W
8 R,
2 W

Combined Coryat: $21,200

The J! Archive is created by fans, for fans. The Jeopardy! game show and all elements thereof, including but not limited to copyright and trademark thereto, are the property of Jeopardy Productions, Inc. and are protected under law. This website is not affiliated with, sponsored by, or operated by Jeopardy Productions, Inc. Join the discussion at JBoard.tv.